Sports Quiz

Random Sports or MLB Quiz

MLB: 200 Hit Seasons Quiz Stats

 Plays Quiz not verified by Sporcle

Score 0/58 Timer 08:00
0 Plays Today
% Correct
Ichiro Suzuki (Seattle)
98.6%
Ichiro Suzuki (Seattle)
98.6%
Ichiro Suzuki (Seattle)
98.6%
Ichiro Suzuki (Seattle)
98.6%
Ichiro Suzuki (Seattle)
98.6%
Ichiro Suzuki (Seattle)
98.6%
Ichiro Suzuki (Seattle)
98.6%
Ichiro Suzuki (Seattle)
98.6%
Ichiro Suzuki (Seattle)
98.6%
Derek Jeter (NY Yankees)
94.1%
Derek Jeter (NY Yankees)
94.1%
Derek Jeter (NY Yankees)
94.1%
Derek Jeter (NY Yankees)
94.1%
Derek Jeter (NY Yankees)
94.1%
Albert Pujols (St. Louis)
85.1%
Hanley Ramirez (Florida)
81.9%
Alex Rodriguez (Texas)
79.6%
Michael Young (Texas)
76.9%
Michael Young (Texas)
76.9%
Michael Young (Texas)
76.9%
Michael Young (Texas)
76.9%
Michael Young (Texas)
76.9%
Todd Helton (Colorado)
74.7%
Todd Helton (Colorado)
74.7%
Jimmy Rollins (Philadelphia)
74.7%
Robinson Cano (NY Yankees)
72.9%
Jose Reyes (NY Mets)
70.1%
Vladimir Guerrero (Montreal)
69.2%
Vladimir Guerrero (Anaheim)
69.2%
% Correct
Vladimir Guerrero (LA Angels)
69.2%
Dustin Pedroia (Boston)
69.2%
Alfonso Soriano (NY Yankees)
62.4%
Johnny Damon (Kansas City)
62%
Juan Pierre (Colorado)
62%
Juan Pierre (Florida)
62%
Juan Pierre (Florida)
62%
Juan Pierre (Chicago Cubs)
62%
Chase Utley (Philadelphia)
61.5%
Matt Holliday (Colorado)
61.5%
Miguel Tejada (Oakland)
56.6%
Miguel Tejada (Baltimore)
56.6%
Miguel Tejada (Baltimore)
56.6%
Magglio Ordonez (Detroit)
56.6%
Ryan Braun (Milwaukee)
51.6%
Adrian Beltre (Los Angeles)
50.2%
Bernie Williams (NY Yankees)
48%
Darin Erstad (Anaheim)
46.6%
Bret Boone (Seattle)
46.6%
Vernon Wells (Toronto)
46.6%
Garret Anderson (Anaheim)
46.2%
Freddy Sanchez (Pittsburgh)
39.8%
Placido Polanco (Detroit)
37.1%
Jack Wilson (Pittsburgh)
28.5%
Jose Vidro (Montreal)
26.2%
Mike Sweeney (Kansas City)
25.8%
Rich Aurilia (San Francisco)
22.6%
Shannon Stewart (Toronto)
18.1%
Mark Loretta (San Diego)
11.8%

You're not logged in!

Compare scores with friends on all Sporcle quizzes.
OR
Log In

Show Comments

Extras

Top Quizzes Today


Score Distribution

Your Account Isn't Verified!

In order to create a playlist on Sporcle, you need to verify the email address you used during registration. Go to your Sporcle Settings to finish the process.

Report this User

Report this user for behavior that violates our Community Guidelines.

Details: